000 00680nam a2200193Ia 4500
008 151121s9999||||xx |||||||||||||| ||und||
082 _a812/परदे
082 _bHNW-44655
100 _aपरदेशी दिलीप
245 _aस्वप्न एका वाल्याचे
260 _b"मॅजेस्टिक प्रकाशन, मुंबई।"
260 _c--
300 _a0
600 _aपरदेशी दिलीप
630 _aस्वप्न एका वाल्याचे
700 _aपरदेशी दिलीप
730 _aस्वप्न एका वाल्याचे
942 _cBOOK
999 _c1232161
_d1232158